00854cam a22002053a 4500020002200000040000800022082002600030100001800056245005300074246001400127260003600141300003300177520023800210650002200448650003800470650002200508650002300530650003800553710005700591 a0439317509 (pbk.) cYVO a813 SCH 2001 A097 Or.1 aWest, Tracey,10aHoliday hi-jynx :ba Pokemon sticker storybook /1 aPokémon aNew York :bScholastic,cc2001. a46 p. :bcol. ill. ;c20 cm. a"Team Rocket is taking a break from stealing Pokemon. Now, they're stealing Christmas presents! Ash and his friends must team up with Santa's Pokemon, Jynx, to save Christmas. But can they stop Team Rocket in time?"--P. [4] of cover. 0aAnimals, Mythical 0aPokémon (Fictitious characters) 0aAnimals, Mythical 0aChristmas stories. 0aPokémon (Fictitious characters)2 aCopyright Paperback Collection (Library of Congress)